000 00483 a2200193 4500
005 20260121101219.0
008 260120b |||||||| |||| 00| 0 eng d
020 _a9789393496508
_cRs. 500.00
040 _aMAIN
082 _a301
_bH873U
100 _aHugar, Baswaraj V
245 _aUnderstanding sociology
260 _bCurrent Publications
_c2022
_aAgra
300 _aix, 300
650 _aSociology
650 _aSocioalization
650 _aGlobal Culture
942 _cBK
999 _c394601
_d394601